000
00296 a2200121 4500
000
nam a22 7a 4500
005
20260207123621.0
020
_a
9789392894886
100
_a
Sanjay Singh
_9
1114344
245
_a
History of Dharmasastra
260
_b
Momentum Publishers
_c
2024
942
_c
TEXL
999
_c
1678888
_d
1678888